Statistics for Lord of the Rings by letter - T

Click here to take the quiz!

General Stats

  • This quiz has been taken 635 times
  • The average score is 10 of 12

Answer Stats

HintAnswer% Correct
The Capital of Gondor, Minas .......Tirith
98%
Peregrin's last nameTook
98%
King of Rohan, uncle of EomerTheoden
96%
Leader of the company of dwarfs who went to EreborThorin Oakenshield
96%
Large evil beings, the Fellowship battles a cave-...... in MoriaTroll
93%
FangornTreebeard
87%
Legolas' fatherThranduil
85%
Previous answer's fatherThrain
82%
Oldest being in Middle Earth, of unknown raceTom Bombadil
82%
Previous answer's sonTheodred
79%
Previous answer's fatherThror
74%
Theoden's fatherThengel
49%

Score Distribution

Percentile by Number Answered

Percent of People with Each Score

Your Score History

You have not taken this quiz